تاريخ التصوف في الإسلام / (Record no. 15801)
[ view plain ]
| 000 -الفاتح | |
|---|---|
| حقل البيانات ثابتة الطول | 00789nam a22001697a 4500 |
| 008 - عناصر البيانات ثابتة الطول - معلومات عامة | |
| حقل البيانات ثابتة الطول | 110810s1972 ua|||||| ||| 00| 0ara d |
| 082 ## - رقم تصنيف ديوى العشرى | |
| رقم الطبعة | 22 |
| رقم التصنيف | 297.4 |
| رقم المادة | غ ن ى |
| 100 1# - المدخل الرئيسى - إسم شخصى | |
| 9 (RLIN) | 26629 |
| الإسم الشخصى | غنى ، قاسم |
| 245 ## - بيان العنوان | |
| العنوان | تاريخ التصوف في الإسلام / |
| بيان المسئوليه,etc | قاسم غنى ؛ ترجمة عن الفارسية صادق نشأت ؛ راجعه أحمد ناجى القيسى ، محمد مصطفى حلمى |
| 260 ## - PUBLICATION, DISTRIBUTION, ETC. (IMPRINT) | |
| مكان الناشر او الموزع | القاهرة : |
| اسم الناشر او الموزع | مكتبة النهضة المصرية ، |
| تاريخ النشر أو التوزيع | 1972. |
| 300 ## - الوصف المادى | |
| التعداد | 908 ص ؛ |
| أبعاد الوعاء | 24 سم. |
| 653 ## - مصطلح تكشيفى غير مقيد | |
| Resource For college | |
| Arrived date list | August2011 |
| 700 #0 - المدخل الاضافى - اسم شخصى | |
| 9 (RLIN) | 26627 |
| الإسم الشخصى | نشأت ، صادق |
| الدور | ترجمه عن الفارسية |
| 700 #0 - المدخل الاضافى - اسم شخصى | |
| 9 (RLIN) | 26628 |
| الإسم الشخصى | القيسى ، أحمد ناجى |
| الدور | راجعه |
| 700 #0 - المدخل الاضافى - اسم شخصى | |
| 9 (RLIN) | 16215 |
| الإسم الشخصى | حلمى ، محمد مصطفى |
| الدور | راجعه |
| 942 ## - عناصر المدخل الإضافي( كوها) | |
| مصدر التصنيف او مخطط الترفيف | Dewey Decimal Classification |
| Koha [default] item type | Book - Borrowing |
| حالة التراجع | حالة الفقد | مصدر التصنيف او خطة الترفيف | حالة تلف | ليس للاعارة | مجموعات كوها | المكان الدائم | المكان الحالي | موقع الترفيف | تاريخ الاكتساب | رقم الاستدعاء | الباركود | Date last seen | نوع الوعاء |
|---|---|---|---|---|---|---|---|---|---|---|---|---|---|
| Dewey Decimal Classification | Alef-Baa | Central Library | Central Library | Lower Floor | 10/08/2011 | 297.4 غ ن ى | 000023956 | 15/07/2025 | Book - Borrowing |